000 06118nam a22019454i 4500
003 PE-LiUPU
005 20250813165409.0
008 151120s2014 mx a rb 001 0 spa d
020 _a6071511380
020 _a9786071511386
035 _a(Sirsi) i9786071511386
040 _aDQ$
_bspa
_cDQ$
_dPE-LiUPU
_erda
049 _aPRUA
100 1 _aGarcía García, José Antonio,
_eautor.
082 0 4 _a610.72
_bG25 2014
082 0 4 _a610.72
_bG24
_220
245 0 0 _aMetodología de la investigación bioestadística y bioinformática en ciencias médicas y de la salud /
_cJosé Antonio García García, [y otros cinco] ; prólogo, Ruy Pérez Tamayo.
250 _aSegunda edición.
264 1 _aMéxico :
_bMcGraw Hill,
_c2014.
300 _aXVI, 447 páginas :
_bilustraciones ;
_c23 centímetros.
336 _atext
_2rdacontent
337 _aunmediated
_2rdamedia
338 _avolume
_2rdacarrier
504 _aIncluye referencias bibliográficas e índice.
505 0 _aSección de Metodología -- Estudio de la causalidad y su aplicación en investigación clínica -- Taxonomía de la investigación -- Elaboración del protocolo de investigación -- Clasificación de los diseños de investigación -- Taxonomía de las variables -- Hipótesis -- Enfoque práctico de los elementos necesarios para la estimación del tamaño de la muestra -- Introducción a las técnicas de muestreo y su aplicación en el área de la salud -- Diseño de estudios transversales -- Diseño de estudios de cohorte -- El ensayo clínico -- Revisiones sistemáticas y meta-análisis -- Prueba diagnóstica -- Clinimetría -- El sesgo en la investigación: ¿historias de terror? -- Investigación en farmacología clínica -- Investigación de translación: del laboratorio al paciente y viceversa -- ¿Cómo investigar propiedades físicas en el cuerpo humano? Propiedades físicas de la materia suave -- Desarrollo y validación de cuestionarios -- Cómo escribir un artículo científico -- Financiamiento y estructura presupuestal para los proyectos de investigación -- Investigación científica en seres humanos. Consideraciones desde la bioética -- Buenas prácticas clínicas y reglamentación de la investigación -- Búsqueda y recuperación de información científica.
526 _aP203
526 _aP200
526 _aSEG65
526 _aSEG64
526 _aSEG63
526 _aSEG62
526 _aSEG61
526 _aSEG60
526 _aSEG59
526 _aSEG58
526 _aSEG57
526 _aSEG56
526 _aSEG55
526 _aSEG54
526 _aSEG53
526 _aSEG52
526 _aSEG51
526 _aSEG50
526 _aSEG49
526 _aSEG48
526 _aSEG47
526 _aSEG46
526 _aSEG24
526 _aSEG23
526 _aSEG22
526 _aSEG21
526 _aSEG20
526 _aSEG19
526 _aSEG18
526 _aSEG17
526 _aSEG16
526 _aSEG14
526 _aSEG13
526 _aSEG12
526 _aSEG11
526 _aSEG10
526 _aSEG09
526 _aSEG06
526 _aSEG05
526 _aSEG04
526 _aSEG03
526 _aSEG02
526 _aSEG68
526 _aSEG66
526 _aSEG45
526 _aSEG25
526 _aSEG01
526 _aP163
526 _aP162
526 _aP161
526 _aP160
526 _aP159
526 _aP158
526 _aP157
526 _aP156
526 _aP155
526 _aP154
526 _aP153
526 _aP152
526 _aP151
526 _aP150
526 _aP149
526 _aP142
526 _aP141
526 _aP140
526 _aP139
526 _aP138
526 _aP137
526 _aP132
526 _aP131
526 _aP130
526 _aP126
526 _aP125
526 _aP124
526 _aP123
526 _aP115
526 _aP122
526 _aP121
526 _aP116
526 _a P114
526 _aP112
526 _aP111
526 _aP104
526 _aP103
526 _aP102
526 _aP101
526 _aP100
526 _aP96
526 _aP95
526 _aP93
526 _aP92
526 _aP91
526 _aP88
526 _aP83
526 _aP82
526 _aP79
526 _aP78
526 _aP75
526 _aP74
526 _aP71
526 _aP69
526 _a P51
526 _aP49
526 _aP48
526 _aP47
526 _aP33
526 _aP31
526 _a P30
526 _aP29
526 _aP27
526 _aP26
526 _aP25
526 _aP24
526 _a P22
526 _aP10
526 _aP09
526 _a P08
526 _aP06
526 _aP05
526 _aP04
526 _aP01
541 _g0028-0000236;
650 4 _aCiencias de la Salud
_xInvestigación
_xMetodología.
650 4 _aInvestigación científica
_xMetodología.
_94674
700 1 _aJiménez Ponce, Fiacro,
_eautor.
700 1 _aLino Pérez, Leticia,
_eautor.
700 1 _aLópez Alvarenga, Juan Carlos,
_eautor.
700 1 _aPérez Tamayo, Ruy,
_eprologuista.
700 1 _aRamírez Tapia, Yilán,
_eautor.
700 1 _aReding Bernal, Arturo,
_eautor.
910 _btqv
_crmch
_d20170130
910 _adbm
_bncf
_cncf
_d20171206
942 _2ddc
_cBOOK
949 _a610.72 G25 2014
_wDEWEY
_c1
_iFJ06193
_lCCODEBUJ1
_mBUJ
_p26.00
_r0
_sY
_tBOOK
_u2017-01-30
_xBIBLIOTECA
_zUNKNOWN
_0COMPRA
_o.STAFF. Colección General Juliaca
994 _aC0
_bPEPRU
596 _a1 3
999 _a610.72 G25 2014
_wDEWEY
_c15360
_iFJ06193
_d15360
_e2019-6-24
_f2022-1-25
_g3
_lCCODEBUJ1
_mBUJ
_n5
_p26.00
_q5
_r0
_sY
_tBOOK
_u2017-1-30
_xBIBLIOTECA
_zP22
_0COMPRA
_o.STAFF. Colección General Juliaca
999 _a610.72 G24
_wDEWEY
_c1
_i77490
_f2021-11-3
_g3
_lCCODEBUL1
_mBUL
_p24.71
_r0
_sY
_tBOOK
_u2017-12-6
_xSALUD
_zP69
_0COMPRA
_o.STAFF. Colección Ciencias de la Salud
980 _81
_gALBERTO SANCHEZ Responsable de Automatización